000 00845nam a2200205Ia 4500
003 OSt
005 20210830153821.0
008 210310q1900 sp fr 000 0 spa d
040 _aCO-JMCR
_cCO-JMCR
041 0 _aspa
082 0 4 _a340.1 /
_bG569f
_223
100 1 _aGámbara, Luigi,
_917205
_eautor
245 1 0 _aFilosofía del derecho :
_bmanual especial para abogados, magistrados, estudiantes de filosofía de derecho y de cultura general /
_cL. Gámbara
260 _aBarcelona :
_cF. Granada y C,
_b[1900?]
300 _a128 páginas ;
_c18 cm.
490 0 _aBiblioteca de Ciencias Sociales, médicas, jurídicas y naturales
505 0 _aFase clásica de la filosofía del Derecho -- Fase teocrática de la filosofía del Derecho -- El espíritu y la filosofía del Derecho
650 1 4 _aDerecho
_917207
_xFilosofía
942 _2ddc
_cBK
999 _c8416
_d8416